Personnages de Ginny & Georgia - Mort subite - Statistiques

Statistiques générales
  • Ce quiz a été pris 949 fois
  • Le résultat moyen est 12 sur 16
Answers on the Grid
Answers color-coded by a green-red scale on the quiz's grid according to % correct below.
Ginny
Georgia
Hunter
Marcus
Abby
Maxine
Zion
Paul
Padma
Brodie
Norah
Cynthia
Ellen
Sophie
Gabriel
Joe
Sarah
Chiara
Lexy
Caroline
Serena
Daniel
Marceau
Ashley
Kiesha
Luke
 
Statistiques - réponses
Réponse % Correct
Georgia
88%
Ginny
86%
Marcus
86%
Abby
85%
Maxine
85%
Joe
82%
Hunter
81%
Zion
81%
Paul
79%
Cynthia
77%
Norah
77%
Padma
76%
Ellen
68%
Brodie
67%
Sophie
57%
Gabriel
26%
Aucun quiz correspondant
Distribution des résultats
% des personnes avec chaque résultat
Percentile par nombre de réponses
Votre historique - résultats
Vous n’avez pas pris ce quiz